Alle Gewinner der PDC Darts-Weltmeisterschaften - Statistiken

Allgemein
  • Dieses Quiz wurde 1.889 mal gespielt
    1.810 seit der letzten Aktualisierung
  • Das Durchschnittsergebnis liegt bei 25 aus 28
Antwortstatistiken
Jahr Weltmeister % Korrekt
2014 Michael van Gerwen
99%
2017 Michael van Gerwen
99%
2019 Michael van Gerwen
99%
1995 Phil Taylor
99%
1996 Phil Taylor
99%
1997 Phil Taylor
99%
1998 Phil Taylor
99%
1999 Phil Taylor
99%
2000 Phil Taylor
99%
2001 Phil Taylor
99%
2002 Phil Taylor
99%
2004 Phil Taylor
99%
2005 Phil Taylor
99%
2006 Phil Taylor
99%
2009 Phil Taylor
99%
2010 Phil Taylor
99%
2013 Phil Taylor
99%
2020 Peter Wright
95%
2015 Gary Anderson
91%
2016 Gary Anderson
91%
2021 Gerwyn Price
91%
2018 Rob Cross
88%
2007 Raymond van Barneveld
85%
2011 Adrian Lewis
82%
2012 Adrian Lewis
82%
2003 John Part
54%
2008 John Part
54%
1994 Dennis Priestley
40%
Keine übereinstimmenden Quizze gefunden
Verteilung der Resultate
Anzahl Personen mit jedem Resultat
Perzentil nach korrekt beantworteten Fragen
Ihre Resultats-Entwicklung
Sie haben dieses Quiz seit der letzten Aktualisierung nicht gespielt